Vở bài tập tiếng việt 5

Wedi'i Gadw mewn:
Manylion Llyfryddiaeth
Prif Awdur: Nguyễn Minh Thuyết
Fformat: Llyfr
Iaith:Undetermined
Cyhoeddwyd: Hà Nội Giáo dục 2006
Pynciau:
Tagiau: Ychwanegu Tag
Dim Tagiau, Byddwch y cyntaf i dagio'r cofnod hwn!
Thư viện lưu trữ: Trung tâm Học liệu Trường Đại học Cần Thơ
LEADER 00606nam a2200205Ia 4500
001 CTU_106671
008 210402s9999 xx 000 0 und d
020 |c 6000 
082 |a 372.6076 
082 |b V460/T1/L5 
100 |a Nguyễn Minh Thuyết 
245 0 |a Vở bài tập tiếng việt 5 
245 0 |c Nguyễn Minh Thuyết ... [et al.] 
260 |a Hà Nội 
260 |b Giáo dục 
260 |c 2006 
650 |a vietnamese language 
650 |x study and teaching ( elementary ) 
904 |i Tuyến 
980 |a Trung tâm Học liệu Trường Đại học Cần Thơ